000 00723nam a22002297a 4500
003 UA-OsUOA
001 50784
007 ta
008 20140626b un ||||| |||| 00| 0 ukr d
090 _a082 / 930.1
_bМ71
942 _cBR
040 _aUA-OsUOA
_bukr
_cUA-OsUOA
_dUA-OsUOA
245 _aМіфологія в українській історіографії (ХІХ -ХХ ст.). Тези доповідей.
300 _a34 с.
955 _a1
041 _aukr
080 _a082 / 930.1
260 _aК.
_c1993
650 7 _a08 Видання. Колективні праці
_2UDC
999 _c430913
_d430913